000 00406 a2200133 4500
005 20250623133223.0
020 _a9976-78-021-4
082 _a513ABD
100 _aABDU, A. N. S.
245 _aStudy Guide For Elements Of Business Mathematics And Statistics
260 _aDar es salaam
_bNational Board Of Accountants And Auditors (NBAA)
_c2004.
300 _a150p,; ill, table
_bIndex
_c29cm
942 _2ddc
_cBKS
999 _c4659
_d4659